00559nam a22001697a 450000500170000001000310001702000260004803500130007403700130008703700170010008200080011724500880012526000300021327000850024330000310032849000300035920150806113302.0 a1516EN07 ENG-113279 a9789351431381c795.00 aEN-96811 bDBAD/PUB bKBD/Venadpl a000 aDelhi judicial services (Preliminary) examination :ba complete preparation manual/ aGurgaonbLexisNexisc2013 a14th Floor, Building No. 10, Tower-N, DLF Cyber City, Phase-II,bGurgaone122002 aVarious pagingsc27cm(pbk) aCatapult test prep series